Office survey of the West Midlands . - Autumn 1981 (Record no. 91480)

MARC details
000 -LEADER
fixed length control field 00567cam a2200205 4500
001 - CONTROL NUMBER
control field B1411
008 - FIXED-LENGTH DATA ELEMENTS--GENERAL INFORMATION
fixed length control field 090401t1981 xxu||||| |||| 00| 0 eng d
035 ## - SYSTEM CONTROL NUMBER
System control number (Sirsi) u44294
041 ## - LANGUAGE CODE
Language code of text/sound track or separate title eng
050 ## - LIBRARY OF CONGRESS CALL NUMBER
Classification number 333.33709424
110 ## - MAIN ENTRY--CORPORATE NAME
Corporate name or jurisdiction name as entry element Elliott Son and Boyton
9 (RLIN) 2243
245 ## - TITLE STATEMENT
Title Office survey of the West Midlands . - Autumn 1981
260 ## - PUBLICATION, DISTRIBUTION, ETC.
Place of publication, distribution, etc. Birmingham
Name of publisher, distributor, etc. Eliott Son and Boyton
Date of publication, distribution, etc. 1981
300 ## - PHYSICAL DESCRIPTION
Extent 1 folded sheet : ill. ; 60x42cm. folded to 21x30cm.
350 ## - PRICE (NR) (BK AM CF MU VM SE) [OBSOLETE]
Price 0
650 ## - SUBJECT ADDED ENTRY--TOPICAL TERM
Topical term or geographic name entry element FLOORSPACE STATISTICS
650 ## - SUBJECT ADDED ENTRY--TOPICAL TERM
Topical term or geographic name entry element OFFICES
942 ## - ADDED ENTRY ELEMENTS (KOHA)
Suppress in OPAC 0
948 ## - LOCAL PROCESSING INFORMATION (OCLC); SERIES PART DESIGNATOR (RLIN)
c (OCLC) 04/03/1997
Holdings
Withdrawn status Lost status Source of classification or shelving scheme Damaged status Not for loan Home library Current library Shelving location Date acquired Total Checkouts Full call number Barcode Date last seen Copy number Price effective from Koha item type
    Dewey Decimal Classification     London London Property market reports 14/09/1999   LIBRARY ANNEXE 30031267 06/08/2019 1 06/08/2019 Book